000 01087nam a2200313Ia 4500
003 OSt
005 20221007120953.0
006 a|||||r|||| 00| 0
007 ta
008 221006b |||||||| |||| 00| 0 eng d
020 _a9781845932886 (hbd)
024 _a84354
037 _b011, 03/12/2008, N R Book Distributors
_cTextbook
040 _aBDL
_cBDL
_beng
041 _2eng
_aeng
082 _aI:(G:F), P7;1 Carb
100 _aPunja Z K Ed.
_9446729
245 0 _aBiotechnology and plant disease management
_b De Boer S H Ed. Sanfacon H Ed.
260 _aCambridge
_bCAB International
_c2007
300 _axi, 574p.
_ccm.
500 _aIncludes bibliographical references.; Index 569-574p.
650 _a Plant biotechnology
650 _a Plant disease management
_9710374
650 _aBotany
700 _a De Boer S H Ed.
_9710194
700 _a Sanfacon H Ed.
_9710195
942 _hI:(G:F), P7;1 Carb
_cTB
_2CC
999 _c1208250
_d1208250